| 000 | 00685nam a2200205Ia 4500 | ||
|---|---|---|---|
| 003 | OSt | ||
| 005 | 20240805154902.0 | ||
| 008 | 210210b1979 xxu||||| |||| 00| 0 eng d | ||
| 040 | _cAL | ||
| 041 | _aKannada | ||
| 082 | _a282.092K SVAB | ||
| 100 |
_aSVAMI SUPRIYA. _9141756 _d ಸ್ವಾಮಿ ಸುಪ್ರಿಯಾ |
||
| 245 |
_aBhaktasantara jivana charitre:Santa Barnadetamma. _bಭಕ್ತಸಂತರ ಜೀವನ ಚರಿತ್ರೆ : ಸಂತ ಬರ್ನಾಡೆತೆಅಮ್ಮ |
||
| 260 |
_aBengaluru _bShatabdi Prakashana _c1979 |
||
| 300 | _a76 | ||
| 650 |
_aSaint Burnadeth _9141757 |
||
| 690 |
_aChristianity _9141758 |
||
| 906 | _a047335 | ||
| 942 |
_2ddc _cBK |
||
| 999 |
_c96194 _d96194 |
||